| 000 | 00614cab a2200205 4500 | ||
|---|---|---|---|
| 001 | ABS50297 | ||
| 008 | 090401t1994 xxu||||| |||| 00| 0 eng d | ||
| 035 | _a(Sirsi) u75144 | ||
| 041 | _aeng | ||
| 100 | _aPannell, B. | ||
| 245 | _aHousing market equity | ||
| 260 | _c1994 | ||
| 350 | _a0 | ||
| 490 |
_aHousing Finance _v(21) February 1994,9-13(5) |
||
| 520 | _aExplores the interaction between inflation and housing market equity formation and examines the impact of the recent recession on this process. | ||
| 650 | _aNEGATIVE EQUITY | ||
| 690 | _aHOUSING-FINANCE | ||
| 942 | _n0 | ||
| 948 | _c04/03/1997 | ||
| 999 |
_c47342 _d47342 |
||